MAMAMOO by Teaser Image - Statistics

General Stats
  • This quiz has been taken 5 times
  • The average score is 7 of 17
Answer Stats
Picture Answer % Correct
Blue;s
75%
reality in BLACK
75%
Red Moon
75%
TRAVEL
75%
Yellow Flower
75%
MIC ON
50%
Purple
50%
WAW
50%
White Wind
50%
2021 Season's Greetings
25%
Dingga
25%
Everyday
25%
I SAY MAMAMOO: THE BEST
25%
2021 WAW Online Concert
0%
2023 Season's Greetings
0%
4seasons - MOOMOO Stay
0%
MOOMOO Tour
0%
No matching quizzes found
Score Distribution
Percent of People with Each Score
Percentile by Number Answered
Your Score History
You have not taken this quiz